特急「サザン」の停車駅 - Statistics

General Stats
  • This quiz has been taken 93 times
  • The average score is 10 of 11
Answer Stats
停車駅 % Correct
なんば
100%
和歌山市
98%
95%
新今宮
94%
和歌山港
93%
天下茶屋
92%
泉佐野
92%
岸和田
89%
みさき公園
79%
和歌山大学前
68%
尾崎
55%
No matching quizzes found
Score Distribution
Percent of People with Each Score
Percentile by Number Answered
Your Score History
You have not taken this quiz